Alas Nuevas / (Record no. 25669)

MARC details
000 -LEADER
fixed length control field 00519 a2200205 4500
001 - CONTROL NUMBER
control field sjds
003 - CONTROL NUMBER IDENTIFIER
control field sjds
005 - DATE AND TIME OF LATEST TRANSACTION
control field 20240422094224.0
008 - FIXED-LENGTH DATA ELEMENTS--GENERAL INFORMATION
fixed length control field 240422b |||||||| |||| 00| 0 spa d
020 ## - INTERNATIONAL STANDARD BOOK NUMBER
International Standard Book Number 9789996480812
020 ## - INTERNATIONAL STANDARD BOOK NUMBER
International Standard Book Number 999648081X
040 ## - CATALOGING SOURCE
Transcribing agency sjds
041 ## - LANGUAGE CODE
Language code of text/sound track or separate title spa
100 ## - MAIN ENTRY--PERSONAL NAME
Personal name Pierson, Pierre
245 ## - TITLE STATEMENT
Title Alas Nuevas /
Statement of responsibility, etc. Pierre Pierson ; Wally Gomez, illustracion
260 ## - PUBLICATION, DISTRIBUTION, ETC. (IMPRINT)
Place of publication, distribution, etc. Managua :
Name of publisher, distributor, etc. Ediciones Mar Dulce,
Date of publication, distribution, etc. 2011
300 ## - PHYSICAL DESCRIPTION
Extent 1 v.
Other physical details Color illustrations
700 1# - ADDED ENTRY--PERSONAL NAME
Personal name Gomez, Wally
942 ## - ADDED ENTRY ELEMENTS (KOHA)
Koha item type Libro/Book
Holdings
Withdrawn status Lost status Damaged status Not for loan Home library Current library Date acquired Total Checkouts Barcode Checked out Date last seen Date checked out Price effective from Koha item type Inventory number Total Renewals Full call number
        San Juan Del Sur -- Mobile Ojochal 17/03/2021 2 33004446 08/03/2022 01/02/2022 01/02/2022 17/03/2021 Libro/Book      
        San Juan Del Sur -- Mobile Ostional 18/04/2024 4 33016173 21/04/2026 17/03/2026 17/03/2026 18/04/2024 Libro/Book Inventory date: 1-2-25 1 JI

Powered by Koha